000
00315nam a22001457a 4500
008
210518b ||||| |||| 00| 0 eng d
020
_a
0534614817
041
_a
eng
080
_2
8th
_a
572
082
_a
572
100
_a
24
101
_a
ANT
245
_a
Cultural Anthropology
_c
Serena Nanda
942
_2
udc
_c
BK
999
_c
57385
_d
57385